000
00319cam a2200133ua 4500
041
_a
eng
_h
082
_a
822
_b
WEB/WH
100
_a
Webster, John .
245
_a
White Devi /
_c
WEbster.
_h
Textual Documents
260
_a
London :
_b
Chatto & Windows ,
_c
1958.
300
_a
224 ; .
504
_a
999
_c
11453
_d
11453